[Event "Titled Tuesday intern op 27th Jun Early"]
[Site "Chess.com INT"]
[Date "2023.06.27"]
[Round "4"]
[White "Sargsyan, Anna M"]
[Black "Liu, Zhaoqi"]
[Result "1-0"]
[WhiteElo "2375"]
[BlackElo "2404"]
[PlyCount "69"]
[EventDate "2023.06.27"]
[EventType "swiss (blitz)"]
[EventRounds "11"]
[EventCountry "USA"]
[SourceTitle "EXT 2024"]
[Source "ChessBase"]
[SourceDate "2023.10.10"]
[SourceVersion "1"]
[SourceVersionDate "2023.10.10"]
[SourceQuality "1"]

1. d4 Nf6 2. c4 c5 3. Nf3 cxd4 4. Nxd4 g6 5. g3 Bg7 6. Bg2 0-0 7. e4 Qc7 8. Qe2 Nc6 9. Nb3 d6 10. 0-0 Ne5 11. Na3 Bg4 12. f3 Be6 13. Nd2 Rac8 14. b3 Nfd7 15. Bb2 Nc5 16. f4 Ned3 17. Bxg7 Kxg7 18. Nc2 Qb6 19. Kh1 Nb4 20. Ne3 Nc6 21. Nf3 Nxe4 22. f5 Bxf5 23. Nxf5+ gxf5 24. Nh4 Nd4 25. Nxf5+ Nxf5 26. Rxf5 Nf6 27. Qxe7 Qd4 28. Raf1 Rfe8 29. Qxf6+ Qxf6 30. Rxf6 Re2 31. Rxf7+ Kg6 32. R1f6+ Kg5 33. h4+ Kg4 34. Rg7+ Kh5 35. Rg5# 1-0

[Event "Titled Tuesday intern op 20th Jun Early"]
[Site "Chess.com INT"]
[Date "2023.06.20"]
[Round "1"]
[White "Anuj, Shrivatri"]
[Black "Liu, Zhaoqi"]
[Result "0-1"]
[WhiteElo "2404"]
[BlackElo "2404"]
[PlyCount "45"]
[EventDate "2023.06.20"]
[EventType "swiss (blitz)"]
[EventRounds "11"]
[EventCountry "USA"]
[SourceTitle "EXT 2024"]
[Source "ChessBase"]
[SourceDate "2023.10.10"]
[SourceVersion "1"]
[SourceVersionDate "2023.10.10"]
[SourceQuality "1"]

1. Nf3 Nf6 2. d4 c5 3. d5 e6 4. Nc3 exd5 5. Nxd5 Nxd5 6. Qxd5 Nc6 7. e4 d6 8. Bb5 Qa5+ 9. Bd2 Qxb5 10. Bc3 Be6 11. Qg5 Be7 12. Qxg7 0-0-0 13. Qh6 Rhg8 14. Rg1 Bg4 15. a4 Qa6 16. Qe3 Bxf3 17. Qxf3 Qc4 18. b3 Qe6 19. 0-0-0 Ne5 20. Qe2 Bf6 21. Rd5 Nc6 22. Bxf6 Qxf6 23. c3 0-1

[Event "Titled Tuesday intern op 20th Jun Early"]
[Site "Chess.com INT"]
[Date "2023.06.20"]
[Round "5"]
[White "Baruch, Liam"]
[Black "Liu, Zhaoqi"]
[Result "0-1"]
[WhiteElo "1718"]
[BlackElo "2404"]
[PlyCount "94"]
[EventDate "2023.06.20"]
[EventType "swiss (blitz)"]
[EventRounds "11"]
[EventCountry "USA"]
[SourceTitle "EXT 2024"]
[Source "ChessBase"]
[SourceDate "2023.10.10"]
[SourceVersion "1"]
[SourceVersionDate "2023.10.10"]
[SourceQuality "1"]

1. e4 d6 2. d4 g6 3. Nc3 Bg7 4. Be3 Nf6 5. Qd2 Ng4 6. Bg5 h6 7. Bf4 e5 8. dxe5 dxe5 9. Qxd8+ Kxd8 10. 0-0-0+ Nd7 11. Bg3 h5 12. h3 Nh6 13. Nf3 f6 14. Bc4 c6 15. Bb3 Ke7 16. Nh4 Nf8 17. Rd3 g5 18. Nf3 Nf7 19. Rhd1 Be6 20. Bxe6 Kxe6 21. h4 g4 22. Nd2 Ng6 23. Nc4 Bh6+ 24. Kb1 Rhd8 25. Na5 Rxd3 26. Rxd3 Nd6 27. Na4 b6 28. Nxc6 Nxe4 29. Nc3 Nxc3+ 30. Rxc3 f5 31. f3 Bd2 32. Rd3 Bf4 33. Be1 e4 34. fxe4 fxe4 35. Rd4 Kf5 36. Rd5+ Ne5 37. Nxe5 Bxe5 38. Bg3 Re8 39. Kc1 Kf6 40. Bxe5+ Rxe5 41. Rd6+ Kf5 42. Kd2 Kf4 43. Ke2 Kg3 44. Rd7 Kxg2 45. Rxa7 Kh2 46. a4 g3 47. b4 g2 0-1